000 00673cam a22002291 4500
001 ca 36000291
003 DLC
005 20260227111140.0
008 890612s1936 mau 000 0 eng
010 _aca 36000291
035 _a(OCoLC)19853949
040 _aDLC
_cRPB
_dDLC
042 _apremarc
050 0 0 _aPN6120.A5
_bG718
082 _a812.5
100 1 _aGross, Frances W.
245 1 0 _aRobin Rooster: a play of early New England,
_bin three acts,
_cby Frances W. Gross.
260 _aBoston, Mass.,
_aLos Angeles, Calif.
_b[Walter H. Baker Company,
_cc1936]
300 _a51 p.
_c19 cm.
490 0 _aBaker's plays for amateurs
500 _aIllustrated t.-p.
999 _c18061
_d18061